000 00786nam a2200205 4500
999 _c370951
_d370951
008 201207b ||||| |||| 00| 0 eng d
040 _bger
_cDE-2950
_erda
_aDE-2950
041 _ager
100 _aLeutner, Mechthild:
245 _aDie preußische Ostasien-Expedition und der ungleiche Vertrag mit China 1861. Startschuss für die Durchsetzung deutscher Kolonialinteressen/
_cMechthild Leutner
264 _c2021
490 _aDie Mark Brandenburg
_vHeft 122: China In Brandenburg
653 _aExpedition / China
653 _a19. Jahrhundert
773 _dBerlin: Die Mark Brandenburg - Verlag für Regional- und Zeitgeschichte
_g(2021) Heft 122, S. 36-39: Abb.
_tDie Mark Brandenburg
942 _cA